[Event "It"]
[Site "Presov SVK"]
[Date "2000.08.18"]
[Round "7"]
[White "Kovalev,A"]
[Black "Mrva,M"]
[Result "1-0"]
[WhiteElo "2537"]
[BlackElo "2468"]

1.e4 c5 2.Nf3 e6 3.Nc3 a6 4.d4 cxd4 5.Nxd4 Qc7 6.Be2 b5 7.Bf3 Bb7 8.O-O d6
9.a4 b4 10.Na2 Nf6 11.Re1 e5 12.Nf5 a5 13.Bg5 Nbd7 14.c3 g6 15.Ne3 b3 16.Qxb3 Nc5
17.Qb5+ Bc6 18.Qc4 Nfd7 19.Nd5 Bxd5 20.exd5 Be7 21.Bh6 f5 22.Bg7 Rg8 23.Bxe5 Nxe5
24.Rxe5 Kf7 25.Re2 Bf6 26.b4 axb4 27.Nxb4 Qb6 28.Rea2 Qa5 29.Ra3 Rge8 30.g3 Ne4
31.Nc6 Qb6 32.Bxe4 Rxe4 33.Qb5 Qc7 34.a5 f4 35.a6 fxg3 36.hxg3 h5 37.Qb7  1-0

[Event "ch-ESP"]
[Site "Barcelona ESP"]
[Date "2000.08.19"]
[Round "2"]
[White "Raurell Bernada,J"]
[Black "Moreno,J"]
[Result "1/2-1/2"]
[WhiteElo "2233"]
[BlackElo "2515"]

1.e4 c5 2.Nc3 e6 3.Nf3 a6 4.d4 cxd4 5.Nxd4 b5 6.Bd3 Qb6 7.Nb3 d6 8.a4 bxa4
9.Nxa4 Qc7 10.Be3 Nd7 11.O-O Ngf6 12.Qe2 Be7 13.Nc3 a5 14.Nb5 Qd8 15.Na7 Ne5
16.Nxc8 Qxc8 17.Bb5+ Kf8 18.Nxa5 h6 19.Bd3  1/2-1/2

[Event "It"]
[Site "Miercurea Ciuc ROM"]
[Date "2000.08.19"]
[Round "1"]
[White "Schlander,S"]
[Black "Nemeth,Z"]
[Result "1/2-1/2"]
[WhiteElo "2136"]
[BlackElo "2308"]

1.e4 c5 2.Nf3 e6 3.d4 cxd4 4.Nxd4 a6 5.Nc3 Qc7 6.Bd2 b5 7.Bd3 Bb7 8.O-O Nf6
9.a3 Nc6 10.Nf3 Bc5 11.h3 O-O 12.Re1 d6 13.Be3 Rad8 14.Bg5 Kh8 15.Qd2 Nd4
16.Nh2 e5 17.Bxf6 gxf6 18.Qh6 Rg8 19.Nd5 Bxd5 20.Qxf6+ Rg7 21.exd5 Rb8 22.Re4 Qd8
23.Ng4 Bb6 24.Qxd8+ Bxd8 25.Ne3 f5 26.Rxd4 exd4 27.Nxf5 Rf7 28.Nxd4 Bb6 29.Nf5 a5
30.Re1 b4 31.a4 Rbf8 32.g4 Bd8 33.Re6 Rf6 34.Rxd6 Rxd6 35.Nxd6 Rf4 36.Ne4 h5
37.gxh5 Rf5 38.d6 Rxh5 39.Kg2 Kg7 40.d7 Rd5 41.Bb5 Kg6 42.f4 Bc7 43.Kf3 Rf5
44.Nd6 Rf8 45.Bd3+ Kh5 46.Nf5 Rf7 47.Ng3+ Kh4 48.Bf5 Rf8 49.b3 Rf7 50.d8=Q+ Bxd8
51.Bg4 Rxf4+ 52.Kxf4 Bc7+ 53.Ke4 Bxg3 54.Kd4 Bc7 55.c4 bxc3 56.Kxc3 Be5+
57.Kc4 Bd6  1/2-1/2

[Event "XVIII Rapidplay Open"]
[Site "Villarrobledo ESP"]
[Date "2000.08.19"]
[Round "4"]
[White "Campora,D"]
[Black "Strikovic,A"]
[Result "0-1"]
[WhiteElo "2526"]
[BlackElo "2490"]

1.e4 c5 2.Nf3 e6 3.d4 cxd4 4.Nxd4 a6 5.Nc3 b5 6.Be3 Bb7 7.f3 Qc7 8.Qd2 Nf6
9.g4 h6 10.Be2 Nc6 11.O-O-O Ne5 12.Kb1 Rc8 13.h4 g6 14.g5 hxg5 15.hxg5 Rxh1
16.Rxh1 Nh5 17.Rd1 Be7 18.f4 Nc4 19.Bxc4 Qxc4 20.Ndxb5 axb5 21.Qxd7+ Kf8
22.Qxb7 b4 23.Rd7 bxc3 24.b3 Qf1+ 25.Bc1 Re8 26.Rxe7 Rxe7 27.Qc8+ Re8 28.Qxc3 e5
29.fxe5 Nf4 30.Qc5+ Kg8 31.Kb2 Ne6 32.Qc6 Rd8 33.a4 Qe1 34.Qb6 Qxe4 35.a5 Qxe5+
36.Ka2 Ra8 37.Bd2 Rc8 38.c4 Qe2 39.Qe3 Qd1 40.Bc3 Rd8 41.Qe5 Nd4 42.Bxd4 Rxd4
43.Qe8+ Kg7 44.Qe5+ Kh7 45.Qh2+ Kg8 46.Qb8+ Rd8 47.Qb6 Rd6 48.Qc5 Re6 49.Ka3 Kg7
50.Ka4 Qd2 51.Qd5 Qc3 52.Qb5 Re5 53.Qb6 Re6 54.Qb5 Re1 55.Qd5 Qe5 56.Qd4  0-1

[Event "III Pyramiden-Franken Cup"]
[Site "Fuerth GER"]
[Date "2000.08.21"]
[Round "3"]
[White "Enders,P"]
[Black "Oral,T"]
[Result "0-1"]
[WhiteElo "2468"]
[BlackElo "2531"]

1.e4 c5 2.Nf3 e6 3.d4 cxd4 4.Nxd4 a6 5.Nc3 b5 6.Bd3 Qb6 7.Nb3 Qc7 8.Qf3 Bb7
9.Bf4 d6 10.O-O-O b4 11.Ne2 Nf6 12.Kb1 Nbd7 13.g4 Ne5 14.Bxe5 dxe5 15.g5 Nd7
16.Ng3 Be7 17.Nh5 O-O 18.Rhg1 g6 19.Nf6+ Bxf6 20.gxf6 Rfc8 21.Rd2 a5 22.Bb5 Bc6
23.Bxc6 Qxc6 24.Rgd1 a4 25.Nc1 h5 26.Ne2 Nb6 27.b3 axb3 28.cxb3 Nd7 29.h4 Ra5
30.Rc1 Rc5 31.Rxc5 Qxc5 32.Ka1 Rc7 33.Rd1 Kh7 34.Rc1 Qa7 35.Rxc7 Qxc7 36.Kb1 Qc5
37.Kb2 Qd6 38.Kc2 Nc5 39.Ng3 Nd7 40.Nf1 Qa6 41.Nd2 Qxa2+ 42.Kd1 Qb2 43.Ke2 Qc1
44.Nc4 Nc5 45.Nd2 Qa1 46.Qe3 Qc3 47.f3 Qc2 48.Kf1 Nd3 49.Kg1 Qc5 50.Qxc5 Nxc5
51.Kf2 g5 52.hxg5 Kg6 53.Nc4 Kxg5 54.Nxe5 Kxf6 55.Nc6 Nd3+ 56.Kg3 Kg5 57.Nd8 h4+
58.Kh3 Ne5 59.f4+ Kxf4 60.Kxh4 Kxe4 61.Kg5 Kd5 62.Kf6 Kd6  0-1

[Event "Paul Keres mem"]
[Site "Tallinn EST"]
[Date "2000.08.21"]
[Round "8"]
[White "Sepp,O"]
[Black "Seeman,T"]
[Result "1/2-1/2"]
[WhiteElo "2439"]
[BlackElo "2398"]

1.e4 c5 2.Nf3 e6 3.d4 cxd4 4.Nxd4 a6 5.Nc3 b5 6.Bd3 Qb6 7.Be3 Bc5 8.Be2 Nc6
9.Nxc6 Bxe3 10.fxe3 dxc6 11.Qd4 Qxd4 12.exd4 e5 13.d5 Ne7 14.dxc6 Nxc6 15.Nd5 Ra7
16.c3 Bd7  1/2-1/2

[Event "5th Paks Cup GM"]
[Site "Paks HUN"]
[Date "2000.08.22"]
[Round "4"]
[White "Berkes,F"]
[Black "Sulava,N"]
[Result "0-1"]
[WhiteElo "2372"]
[BlackElo "2549"]

1.e4 c5 2.Nf3 e6 3.d4 cxd4 4.Nxd4 a6 5.Nc3 b5 6.Bd3 Bc5 7.Nb3 Ba7 8.O-O Nc6
9.Qg4 Nf6 10.Qxg7 Rg8 11.Qh6 Ne5 12.Bf4 Rg6 13.Qh3 Nfg4 14.Bxe5 Nxe5 15.Kh1 b4
16.Ne2 Bb7 17.Nf4 Rg4 18.Qxh7 Qc7 19.f3 Rxf4 20.Qg8+ Ke7 21.Qg5+ Rf6 22.f4 Nxd3
23.cxd3 Qc2 24.Na5 Rg8  0-1

[Event "ECh-u20 Girls"]
[Site "Aviles ESP"]
[Date "2000.08.23"]
[Round "7"]
[White "Rodriguez Vinuesa,A"]
[Black "Paehtz,E"]
[Result "0-1"]
[WhiteElo "2121"]
[BlackElo "2343"]

1.e4 c5 2.Nf3 e6 3.d4 cxd4 4.Nxd4 a6 5.Nc3 Qc7 6.Be3 Nf6 7.Bd3 Bb4 8.O-O b6
9.Nde2 Nc6 10.h3 Bb7 11.f4 Ne7 12.Kh1 h5 13.a3 Bc5 14.Qd2 d6 15.Rae1 Rd8
16.Nd4 b5 17.Qf2 Rc8 18.f5 e5 19.Nf3 Bxe3 20.Qxe3 Qc5 21.Qxc5 Rxc5 22.Nd2 Rc7
23.Nb3 Kd7 24.Na5 Rb8 25.Nxb7 Rbxb7 26.Rf2 Rb8 27.a4 b4 28.Na2 a5 29.Nc1 Kc6
30.Rd2 Kb6 31.Nb3 Rd8 32.Rde2 h4 33.Bb5 Nh5 34.Kg1 Ng3 35.Rd2 f6 36.Na1 d5
37.exd5 Ngxf5 38.Red1 Rd6 39.Kf2 e4 40.Re2 Ng3 41.Red2 Nef5 42.Ke1 Ne3 43.Rc1 Rc5
44.c4 bxc3 45.bxc3 Rcxd5 46.Rxd5 Rxd5 47.Kf2 Rd1 48.Nb3 Rxc1 49.Nxc1 Nd1+
50.Ke1 Nxc3 51.Be8 Kc5 52.Nb3+ Kb4 53.Nd4 Nxa4 54.Nc6+ Kc3 55.Nxa5 Nc5 56.Bb5 Kb4  0-1

[Event "Open"]
[Site "Porto San Giorgio ITA"]
[Date "2000.08.23"]
[Round "4"]
[White "Tomescu,V"]
[Black "Agrest,E"]
[Result "0-1"]
[WhiteElo "2432"]
[BlackElo "2554"]

1.e4 c5 2.Nf3 e6 3.d4 cxd4 4.Nxd4 a6 5.Nc3 Qc7 6.g3 d6 7.Bg2 Bd7 8.O-O Nc6
9.Nb3 Be7 10.f4 h5 11.Be3 b5 12.h3 Rc8 13.a3 Nf6 14.Qe2 b4 15.Na4 Nb8 16.Nb6 Bb5
17.Qf2 Bxf1 18.Rxf1 O-O 19.Nxc8 Rxc8 20.axb4 Qxc2 21.Qxc2 Rxc2 22.Bd4 Rc4
23.Bc3 Nxe4 24.Na5 Rxc3 25.bxc3 Nxc3 26.Rf3 Bf6 27.Rd3 d5 28.Kf1 g6 29.Ke1 Be7
30.Rd2 Bxb4 31.Rb2 Bxa5 32.Rxb8+ Kg7 33.Kf2 Bc7 34.Rb7 Bd6 35.Bf1 a5 36.Kf3 a4
37.Rb6 Bc5 38.Rc6 Bb4 39.Rb6 a3 40.Bd3 Be7 41.Bc2 Na2 42.Bb3 Nc1  0-1

[Event "5th Paks Cup GM"]
[Site "Paks HUN"]
[Date "2000.08.24"]
[Round "6"]
[White "Senff,M"]
[Black "Rogic,D"]
[Result "1-0"]
[WhiteElo "2354"]
[BlackElo "2501"]

1.e4 c5 2.Nf3 e6 3.d4 cxd4 4.Nxd4 a6 5.Nc3 b5 6.Bd3 Bb7 7.O-O d6 8.a4 bxa4
9.Rxa4 Nf6 10.Qe2 Be7 11.Bd2 O-O 12.Nb3 Nfd7 13.f4 Nc6 14.Kh1 Nc5 15.Nxc5 dxc5
16.Be3 Nb4 17.Bc4 Qc7 18.Raa1 Rad8 19.b3 Kh8 20.Rf2 a5 21.Qh5 Bf6 22.Nb5 Qc6
23.e5 Be7 24.Qe2 f6 25.Nd6 Bxd6 26.exd6 Rxd6 27.Rxa5 Ra8 28.Rxa8+ Bxa8 29.h3 Nd5
30.Bb5 Qc7 31.Bd3 f5 32.Bc1 Nf6 33.Bb2 Qf7 34.Qe5 Qc7 35.Qe1 Qc6 36.Bxf6 gxf6
37.Re2 Rd4 38.Qh4 Kg7 39.Qg3+ Kf7 40.c3 Rd6 41.Bc4 Qc8 42.Ra2 Bb7 43.h4 Rd8
44.Ra7 Rd7 45.Kh2 Qc6 46.Ra2 Qd6 47.h5 Rd8 48.Ra7 Rd7 49.h6 Kf8 50.Qe3 Kf7
51.Qg3 Kf8 52.Qe3 Kf7 53.Ra2 Rd8 54.Rd2 Bd5 55.Be2 Qc7 56.Bh5+ Ke7 57.Qg3 Rd7
58.c4  1-0

[Event "ch-FRA Haute"]
[Site "Vichy FRA"]
[Date "2000.08.24"]
[Round "9"]
[White "Nataf,IA"]
[Black "Koch,JR"]
[Result "1/2-1/2"]
[WhiteElo "2526"]
[BlackElo "2509"]

1.e4 c5 2.Nf3 e6 3.d4 cxd4 4.Nxd4 a6 5.Nc3 b5 6.Bd3 Qb6 7.Be3 Bc5 8.Be2 Nc6
9.Nxc6 Bxe3 10.fxe3 dxc6 11.Qd4 Qxd4 12.exd4 e5 13.d5 Ne7 14.O-O-O Bd7 15.b4 Ra7
16.Kb2 cxd5 17.exd5 f5 18.a4 bxa4 19.Na2 Kf7 20.c4 Rb8 21.Ka3 Ng6 22.c5 Bb5
23.Bxb5 axb5 24.Rhe1 e4 25.Rf1 Kf6 26.Nc3 Kg5 27.d6 Ne5 28.Ka2 Nc6 29.Nd5 g6
30.Rfe1 h5 31.g3 Kh6 32.Ka3 Kg7 33.Nb6 Rf7 34.d7 Rd8 35.Rd6 Rf6 36.Red1 e3
37.Rxf6 Kxf6 38.Re1 Nd4 39.Kb2 e2 40.Kc3 Ke5 41.h4 a3 42.c6 Kd6 43.Kxd4 Kxc6
44.Ke5 Kxb6 45.Kd6 a2 46.Ke7 Rh8 47.Rc1 Rh7+ 48.Ke6 Rh8 49.Kd6 Kb7 50.Ke7 Rh7+
51.Ke6 Rh8 52.Ke7 Rh7+ 53.Ke6 Rh8 54.Ke7  1/2-1/2

[Event "Clasificatorio Abierto"]
[Site "Buenos Aires ARG"]
[Date "2000.08.25"]
[Round "7"]
[White "Jimenez,Jo"]
[Black "Fernandez,Jor"]
[Result "1-0"]
[WhiteElo "2292"]
[BlackElo "2265"]

1.e4 c5 2.Nf3 e6 3.d4 cxd4 4.Nxd4 a6 5.Nc3 Nc6 6.Be2 Nge7 7.O-O Nxd4 8.Qxd4 Nc6
9.Qe3 Be7 10.Nd5 Bd6 11.Nb6 Rb8 12.Nc4 Bc7 13.Rd1 O-O 14.b3 b5 15.Nd6 Qf6
16.c3 Bb6 17.Qg3 Qg6 18.Qh4 Qf6 19.Qxf6 gxf6 20.Bh6 Ne5 21.Bxf8 Kxf8 22.a4 bxa4
23.Rxa4 a5 24.Kf1 Ke7 25.f4 Nc6 26.Nxc8+ Rxc8 27.Bb5 Rc7 28.Rc4 Nb8 29.Rxc7 Bxc7
30.g3 h6 31.Kg2 Nc6 32.Bxc6 dxc6 33.Kf3 h5 34.f5 Be5 35.c4 c5 36.h4 Bd4 37.g4 hxg4+
38.Kxg4 e5 39.h5 Kf8 40.h6 Kg8 41.Kh5 Kh8 42.Rd2 Be3 43.Rd6 Bg5 44.Rd7 Kg8
45.h7+ Kxh7 46.Rxf7+ Kg8 47.Kg6  1-0

[Event "Open"]
[Site "Porto San Giorgio ITA"]
[Date "2000.08.25"]
[Round "6"]
[White "Mrdja,M"]
[Black "Agrest,E"]
[Result "0-1"]
[WhiteElo "2431"]
[BlackElo "2554"]

1.e4 c5 2.Nf3 e6 3.d4 cxd4 4.Nxd4 a6 5.Nc3 Qc7 6.Be2 b5 7.O-O b4 8.Nb1 Bb7
9.Bd3 Nf6 10.Qe2 h5 11.Nf3 Nc6 12.g3 Ng4 13.Kg2 h4 14.h3 Nge5 15.Bf4 hxg3
16.fxg3 d6 17.Nbd2 Be7 18.h4 Bf6 19.Rab1 Ne7 20.Nxe5 dxe5 21.Be3 Nf5 22.Nf3 Nxe3+
23.Qxe3 Rd8 24.a3 Be7 25.axb4 Bxb4 26.Qg5 f5 27.Qg6+ Qf7 28.Qxf7+ Kxf7 29.Nxe5+ Ke8
30.Kh3 fxe4 31.Bc4 Rh5 32.Ng6 Bc8 33.c3 Bd6 34.g4 Rc5 35.Bb3 Bd7 36.Rbd1 Be7
37.Rfe1 Rb8 38.Rxd7 Kxd7 39.Ba4+ Kd8 40.Rxe4 Rxb2 41.g5 Rxc3+ 42.Kg4 Rb4
43.Rxb4 Bxb4 44.Kh5 Bd6 45.Nh8 Ke7 46.Ng6+ Kf7 47.Nh8+ Kg8 48.Ng6 a5  0-1

[Event "ch-FRA Haute"]
[Site "Vichy FRA"]
[Date "2000.08.25"]
[Round "10"]
[White "Fressinet,L"]
[Black "Hauchard,A"]
[Result "1-0"]
[WhiteElo "2536"]
[BlackElo "2539"]

1.e4 c5 2.Nc3 e6 3.Nf3 a6 4.d4 cxd4 5.Nxd4 b5 6.Bd3 Qb6 7.Nb3 Qc7 8.O-O Nc6
9.Qe2 d6 10.f4 Nf6 11.Bd2 Be7 12.Rae1 b4 13.Nd1 e5 14.Ne3 exf4 15.Rxf4 a5
16.Bb5 Bd7 17.Nf5 O-O 18.Bxc6 Bxc6 19.Nbd4 Bd8 20.Qf3 Re8 21.Nxg7 Rxe4 22.Nxc6 Qxc6
23.Rfxe4 Nxe4 24.Rxe4 Bb6+ 25.Kh1 Qxc2 26.Nf5  1-0

[Event "ch-ESP"]
[Site "Barcelona ESP"]
[Date "2000.08.26"]
[Round "8"]
[White "Del Rio Angelis,S"]
[Black "Vehi Bach,V"]
[Result "0-1"]
[WhiteElo "2467"]
[BlackElo "2454"]

1.e4 c5 2.Nf3 e6 3.d4 cxd4 4.Nxd4 a6 5.Nc3 b5 6.Be2 Bb7 7.O-O d6 8.f4 Nd7
9.Bf3 Ngf6 10.Re1 e5 11.Nf5 Qc7 12.fxe5 Nxe5 13.Bg5 Nfd7 14.Nd5 Bxd5 15.exd5 h6
16.Bf4 g6 17.Nd4 Bg7 18.Ne6 fxe6 19.dxe6 Nb6 20.Bxa8 Nxa8 21.a4 b4 22.Qd5 Nb6
23.Qe4 O-O 24.a5 Nbc4 25.h3 Qc5+ 26.Kh1 d5 27.Be3 Nxe3 28.Qxe3 Rf1+  0-1

[Event "ch-HUN KO"]
[Site "Budapest HUN"]
[Date "2000.08.31"]
[Round "2.2"]
[White "Bernat,R"]
[Black "Molnar,Be"]
[Result "0-1"]
[WhiteElo "2186"]
[BlackElo "2373"]

1.e4 c5 2.Nf3 e6 3.d4 cxd4 4.Nxd4 a6 5.Nc3 b5 6.Bd3 Bb7 7.f4 Qb6 8.Nb3 Qc7
9.a3 Nf6 10.Qe2 d6 11.Be3 Be7 12.O-O-O Nbd7 13.g4 d5 14.exd5 Nxd5 15.Nxd5 Bxd5
16.Nd4 O-O 17.Rhg1 Nc5 18.Kb1 Na4 19.g5 g6 20.Bd2 Rfb8 21.f5 b4 22.fxe6 Nc3+
23.Bxc3 bxc3 24.exf7+ Bxf7 25.Nb3 Kh8 26.Ka2 Bxb3+ 27.cxb3 Rxb3 28.Kxb3 Rb8+
29.Ka2 Rxb2+ 30.Qxb2 cxb2 31.Kxb2 Qe5+ 32.Kc2 Qc5+ 33.Kb1 Qxa3 34.Rge1 Qb3+
35.Ka1 Bf8  0-1

[Event "chT-POL"]
[Site "Zakopane chT"]
[Date "2000.09.02"]
[Round "1"]
[White "Bednarska,M"]
[Black "Andrzejewska,E"]
[Result "0-1"]
[WhiteElo "2236"]
[BlackElo "2212"]

1.e4 c5 2.Nf3 e6 3.d4 cxd4 4.Nxd4 a6 5.Nc3 Qc7 6.g3 b5 7.Bg2 Bb7 8.O-O b4
9.Nce2 Nf6 10.Qd3 d6 11.Bd2 Nbd7 12.Bxb4 Nc5 13.Bxc5 dxc5 14.Qc4 Bd6 15.Nb3 O-O
16.Nc3 Nd7 17.a4 Rfd8 18.a5 Ne5 19.Qe2 c4 20.Nd2 Bb4 21.f4 Nc6 22.Ra4 Rac8
23.Ndb1 Nd4 24.Qh5 Nxc2 25.Rc1 Qc5+ 26.Qxc5 Bxc5+ 27.Kh1 Nb4 28.Bf3 Nd3 29.Rc2 Ne1
30.Re2 Nxf3 31.Rxc4 Nd4 32.Re1 Rf8  0-1

[Event "zt 1.1"]
[Site "Mondariz ESP"]
[Date "2000.09.03"]
[Round "1"]
[White "Galego,L"]
[Black "Hauchard,A"]
[Result "0-1"]
[WhiteElo "2419"]
[BlackElo "2539"]

1.e4 c5 2.Nf3 e6 3.Nc3 a6 4.d4 cxd4 5.Nxd4 b5 6.Bd3 Qb6 7.Be3 Bc5 8.Be2 Nc6
9.Nxc6 Bxe3 10.fxe3 dxc6 11.Qd4 Qxd4 12.exd4 e5 13.dxe5 Ne7 14.Bh5 Ng6 15.Bxg6 hxg6
16.O-O-O Rh5 17.Rd6 Rxe5 18.Rxc6 Kd7 19.Rxc8 Rxc8 20.a3 Ke6 21.Kd2 Rg5 22.g3 Rh8
23.Ne2 Ke5 24.Kd3 Rg4 25.c3 Rxe4 26.Nd4 f5 27.a4 Rd8 28.axb5 axb5 29.Ra1 b4
30.Ra4 bxc3 31.bxc3 Rd6 32.Ra7 Kf6 33.Kc4 Rc6+ 34.Kb4 Rb6+ 35.Kc5 Rb2 36.Ra6+ Kf7
37.Nf3 Re3 38.Ng5+ Ke7 39.Kd4 Ree2 40.Rxg6 Rxh2 41.Nf3 Rhf2 42.Ng5 Rbd2+
43.Kc4 Kf8 44.Re6 Rde2 45.Kd5 Rd2+ 46.Ke5 Rd3 47.Rg6 Re3+ 48.Kd4 Re1 49.c4 Rd2+
50.Kc5 Re5+ 51.Kc6 Rc2 52.Kd6 Ra5 53.Ne6+ Kf7 54.Rxg7+ Kf6  0-1

[Event "6th WUCC Women"]
[Site "Golden Sands BUL"]
[Date "2000.09.04"]
[Round "4"]
[White "Djingarova,E"]
[Black "Trofimova,A"]
[Result "1/2-1/2"]
[WhiteElo "2263"]
[BlackElo "2248"]

1.e4 c5 2.Nf3 e6 3.d4 cxd4 4.Nxd4 a6 5.Nc3 Qc7 6.g3 b5 7.Bg2 Bb7 8.O-O d6
9.a4 b4 10.Na2 Nf6 11.Re1 Qa5 12.c3 bxc3 13.Nxc3 Nbd7 14.Ra3 Rc8 15.Nf5 Qc7
16.Rb3 Nc5 17.Nd5 Bxd5 18.exd5 Nxb3 19.Qxb3 e5 20.Bg5 Nd7 21.Qa3 Qb8 22.Nd4 h6
23.Nc6 Qb7 24.Bd2 Be7 25.Bb4 Qc7 26.Bf1 Ra8 27.Ba5 Qb7 28.Bb4 Qc7 29.Ba5 Qb7  1/2-1/2

[Event "Golombek Mem"]
[Site "Paignton ENG"]
[Date "2000.09.06"]
[Round "4"]
[White "Fontaine,R"]
[Black "Bischoff,K"]
[Result "1-0"]
[WhiteElo "2449"]
[BlackElo "2556"]

1.e4 c5 2.Nf3 e6 3.d4 cxd4 4.Nxd4 a6 5.Nc3 Qc7 6.Be2 Nf6 7.O-O Be7 8.f4 d6
9.Be3 O-O 10.g4 Nfd7 11.g5 Re8 12.Bh5 g6 13.Bg4 Bd8 14.Qf3 Nc6 15.Qh3 Nf8
16.Rad1 Nxd4 17.Bxd4 e5 18.fxe5 dxe5 19.Be3 Bxg4 20.Qxg4 b5 21.Rf2 Ne6 22.Nd5 Qb7
23.h4 b4 24.h5 Rc8 25.Rdf1 a5 26.hxg6 fxg6 27.Qg3 Nc5 28.Bxc5 Rxc5 29.Qb3 Rxd5
30.Rg2 a4 31.Qxd5+ Qxd5 32.exd5 e4 33.Kf2 Re5 34.Rd1 Bxg5 35.Ke2 Bd8 36.Rd4 g5
37.Rg4 Kf7 38.Rgxe4 Rf5 39.d6  1-0

[Event "zt 1.3"]
[Site "Reykjavic ISL"]
[Date "2000.09.06"]
[Round "1.2"]
[White "Brynell,S"]
[Black "Hansen,Cu"]
[Result "0-1"]
[WhiteElo "2484"]
[BlackElo "2613"]

1.e4 c5 2.Nf3 e6 3.Nc3 a6 4.d4 cxd4 5.Nxd4 b5 6.g3 Bb7 7.Bg2 b4 8.Na4 Nf6
9.O-O Bxe4 10.Bxe4 Nxe4 11.Re1 d5 12.Nxe6 fxe6 13.Qh5+ g6 14.Qe5 Qf6 15.Rxe4 Qxe5
16.Rxe5 Kf7 17.Re2 Nd7 18.Be3 Bg7 19.Rd1 Rhc8 20.Rd3 a5 21.a3 Ra6 22.axb4 axb4
23.b3 Ne5 24.Rd1 Rac6 25.Kf1 Rxc2 26.Rd4 Rxe2 27.Kxe2 Nc6 28.Rf4+ Kg8 29.Bc5 e5
30.Rf3 e4 31.Re3 Bd4 32.Bxd4 Nxd4+ 33.Kd1 Rc6 34.g4 Rf6 35.h3 Kf7 36.Nc5 Rxf2
37.Na6 Ke6 38.Nxb4 Kd6 39.Rc3 Rb2 40.Rc8 e3 41.Rd8+ Ke7  0-1

[Event "chT-POL"]
[Site "Zakopane chT"]
[Date "2000.09.06"]
[Round "5"]
[White "Kuczynski,R"]
[Black "Anuszkiewicz,K"]
[Result "1-0"]
[WhiteElo "2479"]
[BlackElo "2195"]

1.e4 c5 2.Nf3 e6 3.Nc3 a6 4.d4 cxd4 5.Nxd4 b5 6.Be2 b4 7.Na4 Bb7 8.Bf3 Nc6
9.Nxc6 Bxc6 10.b3 Nf6 11.Qd4 Be7 12.Bb2 Qa5 13.O-O O-O 14.a3 Rfb8 15.Qe3 bxa3
16.Bxa3 Bxa3 17.Rxa3 Qb4 18.Rfa1 e5 19.h3 d6 20.Nc3 a5 21.Nd5 Nxd5 22.exd5 Bd7
23.c3 Qb7 24.Bd1 a4 25.bxa4 Ra5 26.Rb3 Qa7 27.c4 f5 28.Rxb8+ Qxb8 29.Qb3 Qa7
30.Qb4 Qc7 31.Rb1 Kf7 32.Qb7 Qxb7 33.Rxb7  1-0

[Event "FSIMA September"]
[Site "Budapest HUN"]
[Date "2000.09.07"]
[Round "6"]
[White "Vajda,S"]
[Black "Valenti,G"]
[Result "0-1"]
[WhiteElo "2282"]
[BlackElo "2195"]

1.e4 c5 2.Nf3 e6 3.d4 cxd4 4.Nxd4 a6 5.Nc3 Qc7 6.Bd3 Nf6 7.O-O Nc6 8.Nxc6 dxc6
9.f4 e5 10.f5 b5 11.Qe2 Bb7 12.a4 Bc5+ 13.Kh1 O-O 14.Bg5 Be7 15.Nd1 Rfe8
16.Ne3 Rad8 17.Rfd1 Rd4 18.c3 Rd6 19.c4 Red8 20.axb5 axb5 21.c5 Rd4 22.Nc2 Ra4
23.Bxf6 Bxf6 24.Rxa4 bxa4 25.Ne1 Qa5 26.Qc2 Be7 27.Rc1 Bg5 28.Ra1 Be7 29.Rc1 Bg5
30.Ra1 Be7 31.f6 gxf6 32.Qe2 Qxc5 33.Nf3 Bc8 34.h3 Be6 35.Rxa4 Qc1+ 36.Kh2 Bc5
37.Bc4 Rd1 38.Ra8+ Kg7  0-1

[Event "zt 1.3"]
[Site "Reykjavic ISL"]
[Date "2000.09.09"]
[Round "2.2"]
[White "Salmensuu,O"]
[Black "Agrest,E"]
[Result "0-1"]
[WhiteElo "2458"]
[BlackElo "2554"]

1.e4 c5 2.Nf3 e6 3.d4 cxd4 4.Nxd4 a6 5.Nc3 Qc7 6.Bd3 Bc5 7.Nf3 d6 8.Qe2 Nd7
9.Bd2 Ngf6 10.O-O-O O-O 11.Ng5 b5 12.f4 Bb7 13.Rde1 b4 14.Na4 e5 15.Rhf1 Rac8
16.Kb1 a5 17.Rf3 Bd4 18.c3 bxc3 19.Nxc3 Qb6 20.Ka1 Bc6 21.Rh3 Rb8 22.Rb1 a4
23.a3 g6 24.f5 Nc5 25.Bc4 d5 26.exd5 Bd7 27.g4 Nb3+ 28.Bxb3 Qxb3 29.Bc1 Bxc3
30.Rxc3 Qxd5 31.Rh3 Rb3 32.Rxb3 axb3 33.Bd2 Bb5 34.Qe1 h6 35.Nh3 Nxg4 36.Bb4 Rc8
37.fxg6 fxg6 38.Bc3 Qd3 39.Qd1 Ne3 40.Qxd3 Bxd3 41.Rg1 Nc2+ 42.Kb1 Nxa3+
43.Kc1 Nc4 44.Kd1 Ra8 45.Ke1 Ra1+ 46.Kf2 Ra2 47.Kf3 Nxb2 48.Nf2 Bf5 49.Ng4 Nc4
50.Nxh6+ Kh7 51.Nxf5 gxf5 52.h4 Rc2  0-1

[Event "It Gp A"]
[Site "Albacete ESP"]
[Date "2000.09.11"]
[Round "7"]
[White "Arizmendi Martinez,J"]
[Black "Garcia Martinez,S"]
[Result "1/2-1/2"]
[WhiteElo "2456"]
[BlackElo "2442"]

1.e4 c5 2.Nf3 e6 3.Nc3 a6 4.d4 cxd4 5.Nxd4 b5 6.g3 Bb7 7.Bg2 Nc6 8.Nxc6 Bxc6
9.O-O Ne7 10.a3 Ng6 11.Qh5 Be7 12.f4 O-O 13.Be3 Qc7 14.Rad1 f5 15.Qe2 Rac8
16.e5 Rf7  1/2-1/2

[Event "chT-POL"]
[Site "Zakopane chT"]
[Date "2000.09.11"]
[Round "9"]
[White "Antoniewski,R"]
[Black "Kveinys,A"]
[Result "0-1"]
[WhiteElo "2446"]
[BlackElo "2522"]

1.e4 c5 2.Nf3 e6 3.d4 cxd4 4.Nxd4 a6 5.Nc3 b5 6.Bd3 Qb6 7.Be3 Bc5 8.Be2 Nc6
9.Nxc6 Bxe3 10.fxe3 dxc6 11.Qd4 Qxd4 12.exd4 e5 13.d5 Ne7 14.O-O-O Bd7 15.dxc6 Nxc6
16.Nd5 O-O-O 17.c3 Kb7 18.b4 Be6 19.g4 Rd6 20.Rhf1 f6 21.a4 bxa4 22.Kb2 a5
23.b5 Nb8 24.Ne3 Rhd8 25.Rxd6 Rxd6 26.Rd1 Rxd1 27.Bxd1 Kb6 28.Bxa4 Kc5 29.h4 Nd7
30.Ka3 Nb6 31.Bb3 Bxb3 32.Kxb3 a4+ 33.Kc2 Kxb5 34.Nd5 Nc4 35.Ne7 Ne3+ 36.Kb2 Nxg4
37.Nc8 Kc4 38.Nd6+ Kd3 39.c4 Kd4 40.Ka3 Kc5 41.Nf5 Kxc4  0-1

[Event "World Seniors"]
[Site "Rowy POL"]
[Date "2000.09.12"]
[Round "2"]
[White "Semasev,K"]
[Black "Bakalarczyk,W"]
[Result "1-0"]
[WhiteElo "2307"]
[BlackElo "2010"]

1.e4 c5 2.Nf3 e6 3.d4 cxd4 4.Nxd4 a6 5.Nc3 Qc7 6.Bd3 Nc6 7.Be3 Nf6 8.O-O Be7
9.Kh1 b5 10.f4 Nxd4 11.Bxd4 d6 12.e5 dxe5 13.fxe5 Nd5 14.Qf3 O-O 15.Ne4 Bd7
16.Nf6+ Bxf6 17.exf6 Nxf6 18.Bxf6 gxf6 19.Bxh7+ Kxh7 20.Qh5+ Kg7 21.Rf3  1-0

[Event "zt 1.1"]
[Site "Mondariz ESP"]
[Date "2000.09.13"]
[Round "10"]
[White "Fernando,D"]
[Black "Efimov,I"]
[Result "0-1"]
[WhiteElo "2257"]
[BlackElo "2520"]

1.e4 c5 2.Nf3 e6 3.d4 cxd4 4.Nxd4 a6 5.Nc3 Qc7 6.g3 Bb4 7.Bd2 Nf6 8.Bg2 Be7
9.O-O O-O 10.Nb3 Nc6 11.f4 b5 12.a3 Bb7 13.g4 Rfd8 14.g5 Ne8 15.Rf3 g6 16.Rh3 b4
17.Ne2 d5 18.exd5 exd5 19.axb4 Nxb4 20.Ned4 Rac8 21.Qe1 Nc6 22.Bc3 Ng7 23.Nxc6 Bxc6
24.Be5 Qa7+ 25.Bd4 Qd7 26.Rxa6 Nf5 27.Ra7 Qe8 28.Qe5 Nxd4 29.Rxe7 Nxb3 30.Rxb3 Qf8
31.f5 gxf5 32.Rh3 Qg7 33.Rf3 Bd7 34.Qxg7+ Kxg7 35.c3 Be6 36.Rd3 Rc4 37.Kf2 Kg6
38.b3 Rf4+ 39.Bf3 Kxg5 40.c4 d4 41.Rc7 Rh4 42.Kg3 f4+ 43.Kg2 Kf6 44.b4 Rg8+
45.Kh1 Rg3 46.b5 Rhh3 47.b6 Rxf3 48.b7 Rf1+ 49.Kg2 Rb1 50.Rxd4 f3+ 51.Kf2 Rxh2+
52.Kg3 Rh3+  0-1

[Event "It"]
[Site "Herzeliya ISR"]
[Date "2000.09.14"]
[Round "9"]
[White "Haimovich,T"]
[Black "Boim,I"]
[Result "0-1"]
[WhiteElo "2322"]
[BlackElo "2422"]

1.e4 c5 2.Nf3 e6 3.Nc3 a6 4.d4 cxd4 5.Nxd4 Qc7 6.Be2 b5 7.a3 Bb7 8.O-O Nf6
9.Qd3 Nc6 10.Nxc6 dxc6 11.f4 Rd8 12.Qg3 c5 13.Bf3 b4 14.e5 bxc3 15.exf6 gxf6
16.Bxb7 Qxb7 17.Qxc3 Rg8 18.Qh3 f5 19.Be3 Qxb2 20.Qf3 Be7 21.Qc6+ Kf8 22.Rad1 Kg7
23.Bxc5 Bxc5+ 24.Qxc5 Rc8 25.Qd4+ Qxd4+ 26.Rxd4 Rxc2  0-1

[Event "Nordic Net Club Cup"]
[Site "Internet ICC"]
[Date "2000.09.16"]
[Round "4"]
[White "Hersvik,D"]
[Black "Nyysti,S"]
[Result "1-0"]
[WhiteElo "2172"]
[BlackElo "2305"]

1.e4 c5 2.Nf3 e6 3.d4 cxd4 4.Nxd4 a6 5.Nc3 b5 6.Be3 Bb7 7.Bd3 Qc7 8.Qd2 Nf6
9.f3 Nc6 10.O-O-O Rc8 11.Kb1 Ne5 12.g4 h6 13.h4 g6 14.g5 hxg5 15.hxg5 Rxh1
16.Rxh1 Nh5 17.Nce2 Nc4 18.Bxc4 Qxc4 19.Nf4 Ng3 20.Rd1 Nf1 21.Qf2 Nxe3 22.Qxe3 e5
23.Nd5 exd4 24.Nf6+ Ke7 25.Qd2 Bg7 26.c3 Bxf6 27.gxf6+ Kd8 28.Qh6 dxc3 29.Qf8+ Kc7
30.Qd6+  1-0

[Event "ch-PER"]
[Site "Lima PER"]
[Date "2000.09.28"]
[Round "1"]
[White "Nina,M"]
[Black "Esplana,C"]
[Result "0-1"]
[WhiteElo "2310"]
[BlackElo "2239"]

1.e4 c5 2.Nf3 e6 3.d4 cxd4 4.Nxd4 a6 5.Nc3 Qc7 6.g3 Bb4 7.Ne2 Nf6 8.Bg2 Be7
9.O-O Nc6 10.h3 d6 11.f4 O-O 12.Kh2 b5 13.b3 b4 14.Na4 d5 15.e5 Ne4 16.Bxe4 dxe4
17.Be3 Rb8 18.Rc1 Qa5 19.Qe1 Rd8 20.Qf2 Qb5 21.c4 bxc3 22.Naxc3 Qb4 23.Na4 Qb7
24.Nec3 Nb4 25.Qg2 Bd7 26.Bb6 Rdc8 27.Be3 Nd3 28.Rb1 Bb4 29.Qxe4 Bxc3  0-1

[Event "ch-USA Women"]
[Site "Seattle USA"]
[Date "2000.10.03"]
[Round "8"]
[White "Groberman,E"]
[Black "Sagalchik,O"]
[Result "1-0"]
[WhiteElo "2054"]
[BlackElo "2145"]

1.e4 c5 2.Nf3 e6 3.d4 cxd4 4.Nxd4 a6 5.Nc3 b5 6.Bd3 Bb7 7.O-O d6 8.f4 Nf6
9.Qf3 Nbd7 10.Be3 b4 11.Nb1 Be7 12.Nd2 Nc5 13.Kh1 O-O 14.Rae1 Nxd3 15.cxd3 Nd7
16.Qg4 Kh8 17.Rf3 f5 18.exf5 Bxf3 19.Qxf3 Qb8 20.Nc6 Qe8 21.fxe6 Ne5 22.Nxe5 dxe5
23.f5 Qb5 24.Qe4 Rad8 25.Nc4 Rd5 26.Bf2 Bf6 27.g4 Rfd8 28.g5 Bxg5 29.Nxe5 Kg8
30.Nf7 Rxf5 31.Nxd8 Rxf2 32.e7 Qe8 33.Qe6+ Kh8 34.Nf7+ Rxf7 35.Qxf7 Qc6+
36.Kg1 Qc5+ 37.Kf1  1-0